Vplyv hospodárskej krízy na automobilový priemysel Slovenska

Prejavy krízy na automobilovom priemysle v európskom kontexte. Výzvy ktorým čelí automobilový priemysel v Európskej únii pod vplyvom krízy. Charakteristiky vývoja automobilového priemyslu v Európskej únii. Dopady krízy na automobilový priemysel v SR.

Na minha lista:
Detalhes bibliográficos
Autor principal: Kučák, Marek
Formato: Capítulo de Livro
Idioma:eslovaco
Assuntos:
Tags: Adicionar Tag
Sem tags, seja o primeiro a adicionar uma tag!

MARC

LEADER 00000nla$a2200000$$$4500
001 0122777
005 20220722100805.0
041 0 |a slo 
044 |a SK 
245 1 0 |a Vplyv hospodárskej krízy na automobilový priemysel Slovenska  |c Marek Kučák 
520 |a Prejavy krízy na automobilovom priemysle v európskom kontexte. Výzvy ktorým čelí automobilový priemysel v Európskej únii pod vplyvom krízy. Charakteristiky vývoja automobilového priemyslu v Európskej únii. Dopady krízy na automobilový priemysel v SR. 
610 2 0 |a kríza hospodárska 
610 2 0 |a Slovensko 
610 2 0 |a Európska únia 
610 2 0 |a priemysel automobilový 
610 2 0 |a politika hospodárska 
100 1 |a Kučák, Marek